000 01579nam a2200217Ia 4500
999 _c34091
_d34091
003 OSt
005 20210623152018.0
008 160316s2012 xxu||||| |||| 00| 0 eng d
020 _a9780415664936
040 _cn
082 _a635.900000
_bALI
100 _aAli Daud
245 _aGarden and landscape practices in pre-colonial India : Histories fro the deccan
260 _aNew Delhi
_bRoutledge
_c2012
300 _a200p
_cxix
365 _b Rs. 1,295
505 _aTable of contents Foreword Monica Juneja; Contents; Glossary; List of Plates; Acknowledgements; Introduction Daud Ali & Emma J. Flatt; 1. The Use of Garden Imagery in Early Indian Buddhism Akira Shimada; 2. Botanical Technology and Garden Culture in Somesvara's Manasollasa Daud Ali; 3. Nature, Dams, Wells and Gardens: The Route of Water in and around Bidar Klaus Rotzer & Pushkar Sohoni; 4. Paradise on Earth: The Deccan Sultanates Ronald Inden; 5. In Amin Khan's Garden: Charitable Gardens in Qutb Shahi Andhra Phillip B. Wagoner; 6. The Use of Imaginary Landscapes in Paintings from Bijapur Deborah Hutton; 7. Reading Gardens in Deccani Court Poetry: A Reappraisal of Nusrati's Gulshan-i Ishq Ali Akbar Husain; 8. The Nizamshahi Persianate Garden in Zuhuri's Saqinama Sunil Sharma; 9. Heavenly Gardens: Astrology and Magic in the Garden Culture of the Medieval Deccan Emma J. Flatt; About the Editors; About the Contributors; Index
650 _a1. Gardening - Landscape - India 2, Horticulture - Gardening - Pre-Colonial India - Guide
700 _aFlatt Emma
_a
942 _2ddc
_cBK